Liposomes : (Record no. 20944)
[ view plain ]
| 000 -LEADER | |
|---|---|
| fixed length control field | 01122cam a22003135a 4500 |
| 001 - CONTROL NUMBER | |
| control field | 15830845 |
| 005 - DATE AND TIME OF LATEST TRANSACTION | |
| control field | 20151021095031.0 |
| 008 - FIXED-LENGTH DATA ELEMENTS--GENERAL INFORMATION | |
| fixed length control field | 090723t2010 nyua frb 001 0 eng d |
| 010 ## - LIBRARY OF CONGRESS CONTROL NUMBER | |
| LC control number | 2009933261 |
| 020 ## - INTERNATIONAL STANDARD BOOK NUMBER | |
| International Standard Book Number | 9781603273596 |
| 040 ## - CATALOGING SOURCE | |
| Original cataloging agency | NLM |
| Language of cataloging | eng |
| Transcribing agency | NLM |
| Modifying agency | BTCTA |
| -- | CUS |
| -- | FUH |
| -- | COU |
| -- | YDXCP |
| -- | EMU |
| -- | DLC |
| -- | EG-ScBUE |
| 082 04 - DEWEY DECIMAL CLASSIFICATION NUMBER | |
| Classification number | 615.7 |
| Item number | LIP |
| Edition number | 22 |
| 245 00 - TITLE STATEMENT | |
| Title | Liposomes : |
| Remainder of title | methods and protocols / |
| Statement of responsibility, etc | edited by Volkmar Weissig. |
| 260 ## - PUBLICATION, DISTRIBUTION, ETC. (IMPRINT) | |
| Place of publication, distribution, etc | New York : |
| Name of publisher, distributor, etc | Humana Press / Springer Science + Business Media, |
| Date of publication, distribution, etc | c.2010. |
| 300 ## - PHYSICAL DESCRIPTION | |
| Extent | v. 1 : |
| Other physical details | ill. ; |
| Dimensions | 26 cm. |
| 490 0# - Series Statement | |
| Series statement | Methods in molecular biology, |
| International Standard Serial Number | 1064-3745 ; |
| Volume/sequential designation | 605 |
| 490 0# - Series Statement | |
| Series statement | Springer protocols |
| 500 ## - GENERAL NOTE | |
| General note | Index : p. 559-564. |
| 504 ## - BIBLIOGRAPHY, ETC. NOTE | |
| Bibliography, etc | Includes bibliographical references. |
| 505 0# - FORMATTED CONTENTS NOTE | |
| Formatted contents note | v. 1. Pharmaceutical Nanocarriers. |
| 650 #0 - SUBJECT ADDED ENTRY--TOPICAL TERM | |
| Topical term or geographic name as entry element | Liposomes. |
| Source of heading or term | BUEsh |
| 650 12 - SUBJECT ADDED ENTRY--TOPICAL TERM | |
| Topical term or geographic name as entry element | Liposomes |
| Form subdivision | Laboratory Manuals. |
| Source of heading or term | BUEsh |
| 651 ## - SUBJECT ADDED ENTRY--GEOGRAPHIC NAME | |
| Source of heading or term | BUEsh |
| 653 ## - INDEX TERM--UNCONTROLLED | |
| Resource For college | Pharmacy |
| Arrived date list | October2015 |
| 655 ## - INDEX TERM--GENRE/FORM | |
| Form subdivision | Reading book |
| -- | 34232 |
| 700 1# - ADDED ENTRY--PERSONAL NAME | |
| Personal name | Weissig, Volkmar, |
| Relator term | editor. |
| 776 08 - ADDITIONAL PHYSICAL FORM ENTRY | |
| Display text | Online version: |
| Title | Liposomes. |
| Place, publisher, and date of publication | New York : Humana Press, c2010 |
| Record control number | (OCoLC)742342532 |
| 942 ## - ADDED ENTRY ELEMENTS (KOHA) | |
| Source of classification or shelving scheme | Dewey Decimal Classification |
| Call number prefix | 615.7 LIP |
| Withdrawn status | Item status | Source of classification or shelving scheme | Damaged status | Not for loan | Vendor | Home library | Current library | Shelving location | Date acquired | Source of acquisition | Cost, normal purchase price | Total Checkouts | Full call number | Barcode | Date last seen | Cost, replacement price | Koha item type |
|---|---|---|---|---|---|---|---|---|---|---|---|---|---|---|---|---|---|
| Dewey Decimal Classification | Baccah | Central Library | Central Library | First floor | 21/10/2015 | Purchase | 1180.00 | 615.7 LIP | 000039689 | 15/07/2025 | 1475.00 | Book - Borrowing |